Jennifer Hudson Charting Songs (Billboard Hot 100) - Statistics

General Stats
  • This quiz has been taken 24 times
    19 since last reset
  • The average score is 4 of 9
Answer Stats
Album Weeks On Peak Artist(s) Song % Correct
Reclassified 5 Weeks #67 Iggy Azalea ft. Jennifer Hudson Trouble
75%
Jennifer Hudson 21 Weeks #28 Jennifer Hudson Spotlight
69%
Mariah Carey's Magical Christmas Special 1 Week #76 Mariah Carey, Ariana Grande & Jennifer Hudson Oh Santa!
63%
Dreamgirls: Music from the Motion Picture 13 Weeks #60 Jennifer Hudson And I Am Telling You I'm Not Going
50%
Nothing but the Beat 1 Week #81 David Guetta ft. Jennifer Hudson Night of Your Life
38%
Think Like a Man OST 2 Weeks #90 Jennifer Hudson & Ne-Yo ft. Rick Ross Think Like a Man
38%
I Remember Me 6 Weeks #64 Jennifer Hudson Where You At
31%
Jennifer Hudson 13 Weeks #63 Jennifer Hudson If This Isn't Love
25%
Hope for Haiti Now 1 Week #98 Jennifer Hudson ft. The Roots Let It Be
6%
No matching quizzes found
Score Distribution
Percent of People with Each Score
Percentile by Number Answered
Your Score History
You have not taken this quiz since the last reset